000 00898nam a2200217Ia 4500
003 GCL
008 140319s9999 xx 000 0 ara d
040 _aGCL /
_cGCL
082 0 4 _a745
_bم م
100 1 _aمحيى الدين طالو
245 1 0 _aمجالات فى الفنون التطبيقية :
_bالحفر على الخشب - الرسم على الزجاج وتلوينه - زخرفة وتلوين القماش - مختارات من الزخارف الاسلامية /
_cمحيى الدين طالو
250 _aالاولى
260 _aسوريا :
_bدار دمشق للنشر والتوزيع والطباعة ،
_c1997
300 _a350 ص ؛
_c24 سم
650 0 4 _aالرسم الزخرفى
650 0 4 _aالفن الزخرفى
650 0 4 _aالتلوين
650 0 4 _aالرسم على الزجاج
650 0 4 _aالزخرفة الاسلامية
942 _2ddc
_cBK
999 _c7954
_d7954